000 01774cam a2200433 a 4500
001 6444
003 FISKH
005 20250502114252.0
008 030925s2004 ilua b b 001 0 eng
010 _a 2003021014
020 _a1403448973
020 _a9781403449023
020 _a1403449023 (pbk.)
040 _aDLC
_cDLC
_dDLC
_beng
050 _aTD171 .G35
082 _a333.72
100 1 _aGalko, Francine.
245 1 0 _aEarth friends at school /
_cFrancine Galko.
260 _aChicago :
_bHeinemann Library,
_c2004.
300 _a32 pages :
_bcolor illustrations ;
_c23 cm
440 0 _aHeinemann first library
490 1 _aEarth friends
504 _aIncludes bibliographical references and index.
505 0 _aN
505 0 _aWhat is an Earth friend? -- Earth's resources -- Getting to and from school -- In the classroom -- In the cafeteria -- In the library -- On the playground -- Recycling at school -- Using less paper -- Arts and crafts at school -- Reusing school supplies -- Gardening for wildlife -- Gardening for food -- Activity: make a mobile.
520 _aDiscusses the importance of reducing waste, recycling, and reusing products in the context of school.
521 8 _a590
_bLexile IG
521 8 _aN
_bRaz-Plus
650 0 _aEnvironmental protection
_xCitizen participation
_vJuvenile literature.
650 0 _aEnergy conservation
_vJuvenile literature.
650 0 _aSchool recycling programs
_vJuvenile literature.
650 0 _aRecycling (Waste, etc.)
_vJuvenile literature.
650 1 _aEnvironmental protection
_xCitizen participation.
650 1 _aEnergy conservation.
650 1 _aRecycling (Waste)
906 _a7
_bcbc
_corignew
_d1
_eecip
_f20
_gy-gencatlg
942 _2ddc
_cBK
_n0
999 _c6444
_d6444